00255nam a22001097a 4500020001500000082001200015100001700027245003400044260004100078300001000119650001600129 a8178230011 a248 DEV aDevi, Sarada aThe Gosple Of The Holy Mother aMadrasbShri Rama Krishna Mathc2012 a409 P aSprituality